|
|
|
|
| LEADER |
00000cam a2200000 4500 |
| 001 |
vtls012131354 |
| 003 |
SK-MaSNL |
| 005 |
20260301055434.0 |
| 008 |
220419s2021 xo aoc gr 010 m slo |
| 015 |
|
|
|a SNBA2022/07
|
| 020 |
|
|
|a 9788081543104
|q (brožované)
|
| 040 |
|
|
|a SNK
|b slo
|c SNK
|e rda
|
| 041 |
0 |
|
|a slo
|
| 044 |
|
|
|a xo
|c SK
|
| 072 |
|
7 |
|a 821.162.4-1
|x Slovenská poézia
|2 konspekt
|
| 080 |
|
|
|a 821.162.4-055.1
|2 2011
|
| 080 |
|
|
|a 82‑1
|2 2011
|
| 080 |
|
|
|a 72
|2 2011
|
| 080 |
|
|
|a (082.2)
|2 2011
|
| 080 |
|
|
|a (084.11)
|2 2011
|
| 080 |
|
|
|a 821.162.4-1
|2 2011
|
| 100 |
1 |
|
|a Packa, Štefan,
|d 1946-
|4 aut
|4 ill
|9 189024
|
| 245 |
1 |
0 |
|a PreSVETLOvanie
|c Štefan Packa ; autori ostatných textov: Peter Mišák, Jozef Daník, Vladimír Donner ; koláže: Štefan Packa
|
| 264 |
|
1 |
|a Žilina
|b Georg
|c 2021
|
| 300 |
|
|
|a 85 strán
|b fotografie, ilustrácie, portréty
|c 22 cm
|
| 336 |
|
|
|a text
|b txt
|2 rdacontent
|
| 336 |
|
|
|a statický obraz
|b sti
|2 rdacontent
|
| 337 |
|
|
|a bez média
|b n
|2 rdamedia
|
| 338 |
|
|
|a zväzok
|b nc
|2 rdacarrier
|
| 650 |
0 |
7 |
|a slovenskí spisovatelia
|2 SNKPH
|9 1258
|
| 650 |
0 |
7 |
|a slovenskí básnici
|2 SNKPH
|9 67856
|
| 650 |
0 |
7 |
|a výtvarníci
|2 SNKPH
|9 118705
|
| 650 |
0 |
7 |
|a Slovak authors
|2 SNKPHeng
|9 268018
|
| 650 |
0 |
7 |
|a Slovak poets
|2 SNKPHeng
|9 303290
|
| 650 |
0 |
7 |
|a Artists
|2 SNKPHeng
|9 265151
|
| 655 |
|
7 |
|a slovenská poézia
|2 SNKPH
|9 70444
|
| 655 |
|
7 |
|a jubilejné publikácie
|2 SNKPH
|9 70339
|
| 655 |
|
7 |
|a obrazové publikácie
|2 SNKPH
|9 70343
|
| 655 |
|
7 |
|a Slovak poetry
|2 SNKPHeng
|9 265010
|
| 655 |
|
7 |
|a Jubilee books
|2 SNKPHeng
|9 281827
|
| 655 |
|
7 |
|a Pictorial works
|2 SNKPHeng
|9 284468
|
| 700 |
1 |
|
|a Mišák, Peter,
|d 1950-
|4 aut
|9 106471
|
| 700 |
1 |
|
|a Daník, Jozef,
|d 1947-
|4 aut
|9 153174
|
| 700 |
1 |
|
|a Donner, Vladimír
|4 aut
|9 279705
|
| 919 |
|
|
|a 978-80-8154-310-4
|
| 954 |
|
|
|a beletria pôvodná (slovenská)
|2 lita
|
| 958 |
|
|
|a LX
|
| 999 |
|
|
|c 613356
|d 615286
|
| 952 |
|
|
|a SNK
|b SNK
|y PREZ
|7 0
|p 17A1483795
|o snkSC 197751
|i snk2022/8913
|8 0
|0 0
|1 0
|4 0
|d 2022-06-02
|f 1
|l 0
|r 2025-10-20 00:00:00
|w 2026-02-23
|
| 952 |
|
|
|a SNK
|b SNK
|y VYP
|7 0
|p 17A1483796
|o snkSC 197751 D1
|i snk2022/8914
|8 0
|0 0
|1 0
|4 0
|d 2022-06-02
|l 0
|r 2026-02-23 16:30:02
|w 2026-02-23
|